Poetry: Before and After Quiz Stats

Quiz Updated Dec 11, 2015

Challenge
Share
Tweet
Embed
Score 0/20 Timer 10:00
0 Plays Today
Line 1 Word % Correct
Once upon a midnight dreary, while I pondered, weak and
(Poe)
Weary
86.3%
Do not go gentle into that good
(Thomas)
Night
85.3%
Water, water, every where, nor any drop to
(Coleridge)
Drink
84.6%
But I have promises to keep, and miles to go before I
(Frost)
Sleep
84.1%
Blessed are you, whose worthiness gives scope,
being had, to triumph, being lack'd, to
(Shakespeare)
Hope
79.4%
Pour away the ocean and sweep up the wood.
For nothing now can ever come to any
(Auden)
Good
78.6%
What lips my lips have kissed, and where, and
(Millay)
Why
76.9%
The falcon cannot hear the falconer;
things fall apart; the centre cannot
(Yeats)
Hold
73.5%
If you can keep your head when all about you are losing
(Kipling)
Theirs
72.9%
We shall not sleep, though poppies grow in Flanders
(McCrae)
Fields
72.7%
Line 1 Word % Correct
When I am an old woman I shall wear
(Joseph)
Purple
71.6%
I am the master of my fate; I am the captain of my
(Henley)
Soul
68.5%
I think that I shall never see a poem lovely as a
(Kilmer)
Tree
62%
’Twould vamp my bill, said I, if nothing
(Burns)
Better
59%
Busy old fool, unruly
(Donne)
Sun
57.3%
O, my Luve's like a red, red rose, that's newly sprung in
(Burns)
June
51.8%
My name is Ozymandias, king of kings:
Look on my works, ye Mighty, and
(Shelley)
Despair
46.1%
Tread softly because you tread on my
(Yeats)
Dreams
35.1%
I saw the best minds of my generation destroyed by
(Ginsberg)
Madness
25.6%
Let me, the selfish and the careless one, be housewife and a mother for
(Robinson)
Tonight
13.1%

You're not logged in!

Compare scores with friends on all Sporcle quizzes.
Sign Up with Email
OR
Log In

You Might Also Like...

Show Comments

Extras

Top Quizzes Today


Score Distribution

Your Account Isn't Verified!

In order to create a playlist on Sporcle, you need to verify the email address you used during registration. Go to your Sporcle Settings to finish the process.